Les maîtresses du feu et de la cuisine : (Record no. 127921)
[ view plain ]
| 000 -LEADER | |
|---|---|
| fixed length control field | 01216nam a2200337 a 4500 |
| 001 - CONTROL NUMBER | |
| control field | 1041634 |
| 003 - CONTROL NUMBER IDENTIFIER | |
| control field | ARRUPE |
| 005 - DATE AND TIME OF LATEST TRANSACTION | |
| control field | 20180412100711.0 |
| 008 - FIXED-LENGTH DATA ELEMENTS--GENERAL INFORMATION | |
| fixed length control field | 890407s1983 cg a b 000 0 fre |
| 010 ## - LIBRARY OF CONGRESS CONTROL NUMBER | |
| LC control number | 89130515 |
| 040 ## - CATALOGING SOURCE | |
| Original cataloging agency | DLC |
| Transcribing agency | DLC |
| Modifying agency | DLC |
| 041 0# - LANGUAGE CODE | |
| Language code of text/sound track or separate title | frenic |
| 043 ## - GEOGRAPHIC AREA CODE | |
| Geographic area code | f-cg--- |
| 050 00 - LIBRARY OF CONGRESS CALL NUMBER | |
| Classification number | DT650.P46 |
| Item number | L46 1983 |
| 300 ## - PHYSICAL DESCRIPTION | |
| Other physical details | ill. ; |
| Dimensions | 27 cm. |
| 100 0# - MAIN ENTRY--PERSONAL NAME | |
| Personal name | Lengelo Guyigisa. |
| 9 (RLIN) | 41482 |
| 245 14 - TITLE STATEMENT | |
| Title | Les maîtresses du feu et de la cuisine : |
| Remainder of title | mythes pende (Rép . du Zaïre) / |
| Statement of responsibility, etc | Lengelo & Lusambu. |
| 260 ## - PUBLICATION, DISTRIBUTION, ETC. (IMPRINT) | |
| Place of publication, distribution, etc | Bandundu, République du Zaire : |
| Name of publisher, distributor, etc | Ceeba, |
| Date of publication, distribution, etc | 1983. |
| 300 ## - PHYSICAL DESCRIPTION | |
| Extent | 164 p. : |
| 490 1# - SERIES STATEMENT | |
| Series statement | Ceeba publications. Série II ; |
| Volume number/sequential designation | vol. 88 |
| 500 ## - GENERAL NOTE | |
| General note | French and Pende. |
| 504 ## - BIBLIOGRAPHY, ETC. NOTE | |
| Bibliography, etc | Includes bibliographical references (p. 163-164). |
| 650 #0 - SUBJECT ADDED ENTRY--TOPICAL TERM | |
| Topical term or geographic name as entry element | Pende (African people) |
| General subdivision | Social life and customs. |
| 9 (RLIN) | 41483 |
| 650 #0 - SUBJECT ADDED ENTRY--TOPICAL TERM | |
| Topical term or geographic name as entry element | Pende (African people) |
| General subdivision | Folklore. |
| 9 (RLIN) | 41484 |
| 650 #0 - SUBJECT ADDED ENTRY--TOPICAL TERM | |
| Topical term or geographic name as entry element | Mythology, Pende. |
| 9 (RLIN) | 41485 |
| 650 #0 - SUBJECT ADDED ENTRY--TOPICAL TERM | |
| Topical term or geographic name as entry element | Pende language |
| General subdivision | Texts. |
| 9 (RLIN) | 41486 |
| 700 0# - ADDED ENTRY--PERSONAL NAME | |
| Personal name | Lusambu Kauy Mutombo. |
| 9 (RLIN) | 41487 |
| 830 #0 - SERIES ADDED ENTRY--UNIFORM TITLE | |
| Uniform title | Publications (Ceeba). |
| Number of part/section of a work | Série II ; |
| Volume number/sequential designation | v. 88. |
| 9 (RLIN) | 41488 |
| 906 ## - LOCAL DATA ELEMENT F, LDF (RLIN) | |
| a | 7 |
| b | cbc |
| c | orignew |
| d | 3 |
| e | ncip |
| f | 19 |
| g | y-gencatlg |
| 942 ## - ADDED ENTRY ELEMENTS (KOHA) | |
| Source of classification or shelving scheme | Library of Congress Classification |
| Koha item type | Monograph ( Printed materials) |
| Withdrawn status | Lost status | Source of classification or shelving scheme | Damaged status | Not for loan | Collection code | Home library | Current library | Shelving location | Date acquired | Total Checkouts | Full call number | Barcode | Date last seen | Price effective from | Koha item type |
|---|---|---|---|---|---|---|---|---|---|---|---|---|---|---|---|
| Library of Congress Classification | Main Collection | ARRUPE LIBRARY | ARRUPE LIBRARY | Main Collection | 12/04/2018 | DT650.P46 L46 1983 | 46600001793 | 12/04/2018 | 12/04/2018 | Monograph ( Printed materials) |